Normal view
MARC view
Entry Geographic Name
001 - CONTROL NUMBER
- control field: 32126
003 - CONTROL NUMBER IDENTIFIER
- control field: ARRUPE
005 - DATE AND TIME OF LATEST TRANSACTION
- control field: 20170605092813.0
008 - FIXED-LENGTH DATA ELEMENTS
- fixed length control field: 170605|| aca||aabn | a|a d
040 ## - CATALOGING SOURCE
- Original cataloging agency: ARRUPE
- Transcribing agency: ARRUPE
151 ## - HEADING--GEOGRAPHIC NAME
- Geographic name: Kenya.
670 ## - SOURCE DATA FOUND
- Source citation: Work cat.: (ARRUPE)30440: Atieno Odhiambo, E. S., 1946- 9137, The paradox of collaboration and other essays /, 1974.